Η θρησκεία και η άνοδος του καπιταλισμού
Αποθηκεύτηκε σε:
| Κύριος συγγραφέας: | |
|---|---|
| Άλλοι συγγραφείς: | |
| Μορφή: | Βιβλίο |
| Γλώσσα: | Greek English |
| Δημοσίευση: |
Αθήνα :
Κάλβος,
1979.
|
| Θέματα: | |
| Ετικέτες: |
Προσθήκη ετικέτας
Δεν υπάρχουν, Καταχωρήστε ετικέτα πρώτοι!
|
MARC
| LEADER | 00000cam a2200000 i 4500 | ||
|---|---|---|---|
| 001 | 1/89241 | ||
| 008 | 950516s1979 gr | ||| |||| ||gre|| | ||
| 035 | |a 1990 |b 2 |c Χιωτάκης |l 10035702 | ||
| 040 | |a GR-MY-UA |b gre |e aacr | ||
| 041 | 1 | |a gre |h eng | |
| 082 | 7 | |a 261.85 |2 (22) | |
| 100 | 1 | |a Tawney, R. H. |q (Richard Henry) |d 1880-1962. | |
| 245 | 1 | 2 | |a Η θρησκεία και η άνοδος του καπιταλισμού / |c Ρ.Χ.Τόουνυ ; μετάφραση: Δημοσθένης Κούρτοβικ. |
| 260 | |a Αθήνα : |b Κάλβος, |c 1979. | ||
| 300 | |a 345 σ. ; |c 21 εκ. | ||
| 500 | |a Μετάφραση του: Religion and the rise of capitalism. | ||
| 650 | 0 | 0 | |a Capitalism |x Religious aspects. |
| 650 | 0 | 0 | |a Christianity. |
| 650 | 0 | 0 | |a Religion and sociology. |
| 700 | 1 | |a Κούρτοβικ, Δημοσθένης, |d 1948- |e trl | |
| 852 | |a INST |b LESVOS |e 19950516 |h 261.85 TAW |p 005100000710 |q 005100000710 |t BK |y 0 | ||
| 852 | |a INST |b RHODES |e 19960923 |h 261.85 TAW |p 005400008038 |q 005400008038 |t BK |y 0 | ||
| 909 | |a Ρ |b 017928 | ||
| 909 | |a Λ |b 006565 | ||
| 970 | |z 1990-02 | ||